Handbook of Financial Sales & Marketing Management (Record no. 885580)

MARC details
000 -LEADER
fixed length control field 00301nam a2200109Ia 4500
008 - FIXED-LENGTH DATA ELEMENTS--GENERAL INFORMATION
fixed length control field 231011s9999 xx 000 0 und d
041 ## - LANGUAGE CODE
Language code of text/sound track or separate title eng
100 ## - MAIN ENTRY--PERSONAL NAME
Personal name Taylor and Steward
245 ## - TITLE STATEMENT
Title Handbook of Financial Sales & Marketing Management
260 ## - PUBLICATION, DISTRIBUTION, ETC.
Name of publisher, distributor, etc. Cassell Educational Ltd,London -
365 ## - TRADE PRICE
Price amount 777

No items available.